Countries Producing Most Olives - Statistics

General Stats
  • This quiz has been taken 2,028 times
  • The average score is 15 of 20
Answer Stats
Tonnes x 1000 Country % Correct
3018 Italy
98%
2081 Greece
97%
3627 Spain
97%
1820 Turkey
92%
563 Egypt
90%
390 Portugal
89%
145 United States
89%
394 Algeria
87%
1316 Morocco
86%
963 Tunisia
84%
135 Libya
82%
1050 Syria
78%
95 Lebanon
74%
156 Jordan
68%
125 Albania
63%
85 Australia
61%
175 Argentina
58%
74 Chile
54%
93 Peru
44%
100 Palestine
20%
No matching quizzes found
Score Distribution
Percent of People with Each Score
Percentile by Number Answered
Your Score History
You have not taken this quiz